[Event "Daehne Cup Region 15/16 V Rest"]
[Site "Bissendorf"]
[Date "2016.06.17"]
[Round "5"]
[White "Proehl, Juergen"]
[Black "Mueller, Wolfgang"]
[Result "0-1"]
[WhiteElo "1438"]
[BlackElo "1794"]
[PlyCount "48"]
[EventDate "2016.03.??"]
[EventType "swiss"]
[EventCountry "GER"]
[SourceTitle "EXT 2022"]
[Source "ChessBase"]
[SourceDate "2021.10.06"]
[SourceVersion "1"]
[SourceVersionDate "2021.10.06"]
[SourceQuality "1"]

1. e4 e6 2. Nf3 d5 3. exd5 exd5 4. d4 Bd6 5. Bd3 Nc6 6. 0-0 Bg4 7. Re1+ Nge7 8. c3 Qd7 9. b4 0-0-0 10. a4 Ng6 11. h3 Bf5 12. a5 Rde8 13. Na3 Nf4 14. Bc2 Rxe1+ 15. Nxe1 Re8 16. Nb5 Ng6 17. Nxd6+ Qxd6 18. b5 Nb8 19. Bd3 Rxe1+ 20. Qxe1 Bxd3 21. Qe8+ Qd8 22. Qxf7 Bxb5 23. Ba3 Be8 24. Re1 Bxf7 0-1

[Event "Daehne Cup Region 14/15 V"]
[Site "Bissendorf"]
[Date "2015.04.24"]
[Round "2"]
[White "Proehl, Juergen"]
[Black "Wesche, Adrian"]
[Result "1-0"]
[WhiteElo "1464"]
[BlackElo "863"]
[PlyCount "69"]
[EventDate "2015.04.17"]
[EventType "k.o."]
[EventRounds "5"]
[EventCountry "GER"]
[SourceTitle "EXT 2022"]
[Source "ChessBase"]
[SourceDate "2021.10.06"]
[SourceVersion "1"]
[SourceVersionDate "2021.10.06"]
[SourceQuality "1"]

1. e4 e5 2. d4 d6 3. dxe5 dxe5 4. Qxd8+ Kxd8 5. Bc4 Be6 6. Bxe6 fxe6 7. Nf3 Nc6 8. 0-0 Bd6 9. c3 Nf6 10. Ng5 Re8 11. Nf7+ Ke7 12. Nxd6 cxd6 13. f3 h6 14. Be3 Rad8 15. Na3 a6 16. Bb6 Rd7 17. Rfd1 d5 18. exd5 exd5 19. Nc2 e4 20. fxe4 Nxe4 21. Re1 Kf8 22. Rad1 Ree7 23. c4 d4 24. Nxd4 Nxd4 25. Rxd4 Rxd4 26. Bxd4 Nd6 27. Rxe7 Kxe7 28. Bc5 Kd7 29. Bxd6 Kxd6 30. b4 b5 31. c5+ Kd5 32. Kf2 g5 33. Kf3 Ke6 34. Kg4 Ke7 35. Kh5 1-0